| 000 | 01909cam a22003614a 4500 | ||
|---|---|---|---|
| 001 | 13811863 | ||
| 005 | 20060330120206.0 | ||
| 008 | 041210s2005 njua 001 0 eng | ||
| 010 | _a 2004276004 | ||
| 020 | _a0136017754 | ||
| 020 | _a9780136017752 | ||
| 040 |
_aDLC _cDLC _dDLC |
||
| 042 | _apcc | ||
| 050 | 0 | 0 |
_aTA345 _b.L37 2009 |
| 082 | 0 | 0 |
_a620.00285536 _222 _bLAR |
| 100 | 1 |
_aLarsen, Ronald W. _920448 |
|
| 245 | 1 | 0 |
_aEngineering with Excel / _cRonald W. Larsen. |
| 250 | _a3rd ed. | ||
| 260 |
_aUpper Saddle River, NJ : _bPrentice Hall, 2009 _cc2009. |
||
| 300 |
_axxiii, 684 p. : _bill. ; _c26 cm. |
||
| 500 | _aIncludes index. | ||
| 630 | 0 | 0 |
_aMicrosoft Excel (Computer file) _920449 |
| 650 | 0 |
_aEngineering _xData processing. _920450 |
|
| 653 |
_bCiv _cOctober2011 |
||
| 942 |
_2ddc _cBB |
||
| 999 |
_c14770 _d14770 |
||